000 00808nam a2200253Ia 4500
003 OSt
005 20220923215832.0
006 a|||||r|||| 00| 0
007 ta
008 220922b |||||||| |||| 00| 0 hin d
024 _a182,111
037 _cTextual
040 _aARTS
_cARTS
_bhin
041 _2hin
_ahin
082 _aO152,1N418x, M8
100 _aउपाध्याय, महेश
245 0 _aजल ठहरा हुआ हैं
246 _aJal ṭhaharā huā haian
260 _aदिल्ली
_b जनप्रिय प्रकाशन
_c1988
300 _a72 पृ.
_ccm.
650 _aहिन्दी साहित्य
_9156264
942 _hO152,1N418x, M8
_cTEXL
_2CC
999 _c335485
_d335485